000
00327 a2200157 4500
001
179050
020
_a
040
_c
Magnum
100
_a
Romanelli, Liliane
240
1
0
_a
Encontro magico
_l
por
245
1
0
_a
Encontro magico
362
0
_a
1899
440
1
_a
RHJ
697
_a
MAGNITO: I/AVENTURA, CRIANCAS
942
_c
BK
999
_c
179050
_d
179050